International Economics : (Record no. 16601)
[ view plain ]
| 000 -LEADER | |
|---|---|
| fixed length control field | 01476pam a2200397 a 4500 |
| 001 - CONTROL NUMBER | |
| control field | 015748254 |
| 003 - CONTROL NUMBER IDENTIFIER | |
| control field | EG-ScBUE |
| 005 - DATE AND TIME OF LATEST TRANSACTION | |
| control field | 20201014093734.0 |
| 008 - FIXED-LENGTH DATA ELEMENTS--GENERAL INFORMATION | |
| fixed length control field | 110202t2012 enkab f b 001 0 eng d |
| 020 ## - INTERNATIONAL STANDARD BOOK NUMBER | |
| International Standard Book Number | 0273754092 (pbk.) |
| 020 ## - INTERNATIONAL STANDARD BOOK NUMBER | |
| International Standard Book Number | 9780273754091 (pbk.) |
| 040 ## - CATALOGING SOURCE | |
| Original cataloging agency | EG-ScBUE |
| Language of cataloging | eng |
| Description conventions | rda |
| Transcribing agency | EG-ScBUE |
| Modifying agency | EG-ScBUE |
| 082 04 - DEWEY DECIMAL CLASSIFICATION NUMBER | |
| Classification number | 337 |
| Item number | KRU |
| Edition number | 22 |
| 100 1# - MAIN ENTRY--PERSONAL NAME | |
| Personal name | Krugman, Paul R., |
| Relator term | author. |
| 9 (RLIN) | 29448 |
| 245 10 - TITLE STATEMENT | |
| Title | International Economics : |
| Remainder of title | theory & policy / |
| Statement of responsibility, etc | Paul R. Krugman, Princeton University, Maurice Obstfeld, University of California, Berkeley, Marc J. Melitz, Harvard University. |
| 250 ## - EDITION STATEMENT | |
| Edition statement | Ninth edition. |
| 250 ## - EDITION STATEMENT | |
| Edition statement | Global edition. |
| 264 #1 - PUBLICATION, DISTRIBUTION, ETC. (IMPRINT) | |
| Place of publication, distribution, etc | Harlow, England : |
| Name of publisher, distributor, etc | Pearson Education Limited, |
| Date of publication, distribution, etc | [2012] |
| 264 #4 - PUBLICATION, DISTRIBUTION, ETC. (IMPRINT) | |
| Date of publication, distribution, etc | c2012 |
| 300 ## - PHYSICAL DESCRIPTION | |
| Extent | 731 pages : |
| Other physical details | illustrations, color maps ; |
| Dimensions | 26 cm. |
| 336 ## - CONTENT TYPE | |
| Source | rdacontent |
| Content type term | text |
| Content type code | txt |
| 337 ## - MEDIA TYPE | |
| Source | rdamedia |
| Media type term | unmediated |
| Media type code | n |
| 338 ## - CARRIER TYPE | |
| Source | rdacarrier |
| Carrier type term | volume |
| Carrier type code | nc |
| 490 0# - SERIES STATEMENT | |
| Series statement | The Pearson series in economics |
| 500 ## - GENERAL NOTE | |
| General note | Includes internet student access code card. |
| 500 ## - GENERAL NOTE | |
| General note | Previous ed.: 2009. |
| 500 ## - GENERAL NOTE | |
| General note | Formerly CIP. |
| Institution to which field applies | Uk |
| 504 ## - BIBLIOGRAPHY, ETC. NOTE | |
| Bibliography, etc | Includes bibliographical references and index. |
| 650 #7 - SUBJECT ADDED ENTRY--TOPICAL TERM | |
| Topical term or geographic name as entry element | International economic relations. |
| Source of heading or term | BUEsh |
| 9 (RLIN) | 29450 |
| 653 ## - INDEX TERM--UNCONTROLLED | |
| Arrived date list | March2012 |
| Resource For college | BAEPS, Economics |
| 655 ## - INDEX TERM--GENRE/FORM | |
| Form subdivision | Reading book |
| 9 (RLIN) | 34232 |
| 700 1# - ADDED ENTRY--PERSONAL NAME | |
| Personal name | Obstfeld, Maurice, |
| Relator term | author. |
| 9 (RLIN) | 29451 |
| 700 1# - ADDED ENTRY--PERSONAL NAME | |
| Personal name | Melitz, Marc J., |
| Relator term | author. |
| 9 (RLIN) | 29452 |
| 856 ## - ELECTRONIC LOCATION AND ACCESS | |
| Uniform Resource Identifier | <a href="http://www.myeconlab.com">http://www.myeconlab.com</a> |
| Public note | access to online code |
| 942 ## - ADDED ENTRY ELEMENTS (KOHA) | |
| Source of classification or shelving scheme | Dewey Decimal Classification |
| Koha item type | Book - Borrowing |
| Withdrawn status | Lost status | Source of classification or shelving scheme | Damaged status | Not for loan | Collection code | Home library | Current library | Shelving location | Date acquired | Source of acquisition | Total Checkouts | Full call number | Barcode | Date last seen | Price effective from | Koha item type | Cost, normal purchase price | Serial Enumeration / chronology | Total Renewals | Date checked out |
|---|---|---|---|---|---|---|---|---|---|---|---|---|---|---|---|---|---|---|---|---|
| Dewey Decimal Classification | Baccah | Central Library | Central Library | First floor | 22/03/2012 | 337 KRU | 000026518 | 15/07/2025 | 22/03/2012 | NB - Book (Non borrowing) | ||||||||||
| Dewey Decimal Classification | Baccah | Central Library | Central Library | First floor | 27/06/2012 | 8 | 337 KRU | 000026897 | 15/07/2025 | 27/06/2012 | Book - Borrowing | 180.00 | 15316 | 13 | 16/09/2020 | |||||
| Dewey Decimal Classification | Baccah | Central Library | Central Library | First floor | 14/10/2020 | Purchase | 337 KRU | 000049964 | 15/07/2025 | 14/10/2020 | Book - Borrowing |